| 000 | 01067nam a2200253 a 4500 | ||
|---|---|---|---|
| 001 | BRCA_834 | ||
| 005 | 20190320203153.0 | ||
| 008 | 020128s2002 nyu#---##b---#001-0deng-# | ||
| 020 | _a0810932482 (Abrams) | ||
| 020 | _a0810990741 (San Antonio Museum of Art) | ||
| 040 |
_aDLC _cDLC |
||
| 050 | 4 |
_aNK7198.S6 _b.W55 2002 |
|
| 245 | 1 | 0 |
_aWilliam Spratling and the Mexican Silver Renaissance _bmaestros de plata _cPenny C. Morrill ; with essays by Penny Morrill ... [et al.]. |
| 260 |
_aNueva York _bHarry N. Abrams : San Antonio Museum of Art _c2002 |
||
| 300 |
_a200 p. _bil. a color _c30 cm. |
||
| 500 | _aIncluye índice de ilustraciones | ||
| 500 | _aCatálogo de la exposición realizada en el San Antonio Museum of Art, 7 octubre, 2002 | ||
| 504 | _aBibliografía: p. 266-274 | ||
| 600 | 1 | 4 |
_aSpratling, William _d1900-1967 _vExposiciones _92773 |
| 650 | 1 | 4 |
_aTrabajo en plata _vExposiciones _xHistoria _ySiglo XX _zMéxico _92774 |
| 650 | 1 | 4 |
_aJoyería de plata _vExposiciones _xHistoria _ySiglo XX _zMéxico _92775 |
| 700 | 1 |
_aMorrill, Penny C _92776 |
|
| 942 |
_2lcc _cB |
||
| 999 |
_c729 _d729 |
||